Introduction to electromagnetic fields and waves / (Record no. 21100)
[ view plain ]
| 000 -LEADER | |
|---|---|
| fixed length control field | 00983cam a22002891a 4500 |
| 001 - CONTROL NUMBER | |
| control field | 21100 |
| 003 - CONTROL NUMBER IDENTIFIER | |
| rucl marc code | BD-RjUL |
| 005 - DATE AND TIME OF LATEST TRANSACTION | |
| control field | 20211209000640.0 |
| 008 - FIXED-LENGTH DATA ELEMENTS--GENERAL INFORMATION | |
| fixed length control field | 140303s1962 caua 001 0 eng |
| 035 ## - SYSTEM CONTROL NUMBER | |
| System control number | (BD-RjUL)21164 |
| 040 ## - CATALOGING SOURCE | |
| Original cataloging agency | DLC |
| Transcribing agency | DLC |
| Modifying agency | DLC |
| -- | BD-RjUL |
| Language of cataloging | eng |
| 041 ## - LANGUAGE CODE | |
| Language code of text/sound track or separate title | eng |
| 082 00 - DEWEY DECIMAL CLASSIFICATION NUMBER | |
| Classification number | 537.12 |
| Author mark and year | COI |
| 100 1# - MAIN ENTRY--PERSONAL NAME | |
| Personal name | Corson, Dale R. |
| 9 (RLIN) | 27802 |
| 245 10 - TITLE STATEMENT | |
| Title | Introduction to electromagnetic fields and waves / |
| Statement of responsibility, etc. | Dale R. Corson [and] Paul Lorrain. |
| 260 ## - PUBLICATION, DISTRIBUTION, ETC. (IMPRINT) | |
| Place of publication, distribution, etc. | San Francisco : |
| Name of publisher, distributor, etc. | W. H. Freeman, |
| Date of publication, distribution, etc. | 1962. |
| 300 ## - PHYSICAL DESCRIPTION | |
| Pagination | 552 p. : |
| Illustrations | ill. ; |
| Size | 25 cm. |
| 490 0# - SERIES STATEMENT | |
| Series statement | A Series of books in physics |
| 500 ## - GENERAL NOTE | |
| General note | Second ed. published in 1970 under title: Electromagnetic fields and waves, by P. Lorrain and D. R. Corson. |
| 504 ## - BIBLIOGRAPHY, ETC. NOTE | |
| Bibliography, etc | Includes index. |
| 650 #0 - SUBJECT ADDED ENTRY--TOPICAL TERM | |
| Topical term or geographic name as entry element | Electromagnetic fields. |
| 9 (RLIN) | 27745 |
| Topical term or geographic name as entry element | Electromagnetic waves. |
| 9 (RLIN) | 27801 |
| 700 1# - ADDED ENTRY--PERSONAL NAME | |
| Personal name | Lorrain, Paul, |
| Relator term | joint author. |
| 942 ## - ADDED ENTRY ELEMENTS (KOHA) | |
| Source of classification or shelving scheme | Dewey Decimal Classification |
| Koha item type | Books |
| Lost status | Source of classification or shelving scheme | Damaged status | Not for loan | Collection code | Permanent Location | Current Location | Shelving location | Date acquired | Source of acquisition | Cost, normal purchase price | Total Checkouts | Total Renewals | Full call number | Date last seen | Date checked out | Copy number | Koha item type |
|---|---|---|---|---|---|---|---|---|---|---|---|---|---|---|---|---|---|
| Dewey Decimal Classification | Non-fiction | Central Library, University of Rajshahi | Central Library, University of Rajshahi | 30/09/1970 | sweets & zeithinger | 80.00 | 3 | 2 | 537.12 COI 1962 | 13/05/2018 | 13/05/2018 | C-6 | Books | ||||
| Dewey Decimal Classification | Non-fiction | Central Library, University of Rajshahi | Central Library, University of Rajshahi | 30/09/1970 | Swets & Zeithinger | 80.00 | 5 | 537.12 COI 1962 | 19/03/2018 | 04/01/2018 | C-2 | Books | |||||
| Dewey Decimal Classification | Not For Loan | Non-fiction | Central Library, University of Rajshahi | Central Library, University of Rajshahi | Reading Room | 25/07/1973 | Continental publication | 34.20 | 537.12 COI 1973 | 21/05/2017 | C-1 | Books |